Southville International School and Colleges
Your cart is empty.
  • Cart
  • Lists
    Public lists Eva Luna New books Lux_list list_1
    Your lists Log in to create your own lists
  • Log in to your account
  • Your cookies
  • Search history
Southville International School and Colleges
  • Advanced search
  • Recent comments
  • Most popular
  • Libraries

Log in to your account

Log in with GOOGLE


If you do not have an external account, but do have a local account, you can still log in:

  1. Home
  2. MARC view: The mystery illness
Normal view MARC view ISBD view

The mystery illness (Record no. 12041)

[ view plain ]
MARC details
000 -LEADER
fixed length control field 00455nam a22001697a 4500
003 - CONTROL NUMBER IDENTIFIER
control field OSt
005 - DATE AND TIME OF LATEST TRANSACTION
control field 20140310182334.0
008 - FIXED-LENGTH DATA ELEMENTS--GENERAL INFORMATION
fixed length control field 130316t xxu||||| |||| 00| 0 eng d
020 ## - INTERNATIONAL STANDARD BOOK NUMBER
International Standard Book Number 0811438678
050 ## - LIBRARY OF CONGRESS CALL NUMBER
Classification number PZ 7
Item number .L1586 My 1995
082 ## - DEWEY DECIMAL CLASSIFICATION NUMBER
Item number 740 1995
245 ## - TITLE STATEMENT
Title The mystery illness
Statement of responsibility, etc Patricia Lakin pictures by Doug Cushman
260 ## - PUBLICATION, DISTRIBUTION, ETC. (IMPRINT)
Place of publication, distribution, etc Austin, Tex.
Name of publisher, distributor, etc Raintree Steck-Vaughn
Date of publication, distribution, etc 1995
300 ## - PHYSICAL DESCRIPTION
Extent 31 p.
Dimensions 21 cm
942 ## - ADDED ENTRY ELEMENTS (KOHA)
Source of classification or shelving scheme Library of Congress Classification
Koha item type
Holdings
Withdrawn status Lost status Source of classification or shelving scheme Damaged status Home library Current library Shelving location Date acquired Total Checkouts Full call number Barcode Date last seen Copy number Price effective from Koha item type
    Library of Congress Classification   Luxembourg Library Luxembourg Library Grade School Section 09/24/2013   PZ 7 .L1586My 1995 7782 10/28/2015 1 09/24/2013 Books

The mystery illness

APA

(1995). The mystery illness. Austin, Tex: Raintree Steck-Vaughn.

Chicago

1995. The mystery illness. Austin, Tex: Raintree Steck-Vaughn.

Harvard

(1995). The mystery illness. Austin, Tex: Raintree Steck-Vaughn.

MLA

The mystery illness. Austin, Tex: Raintree Steck-Vaughn. 1995.

  • Place hold
  • Print
  • Cite
  • Add to your cart (remove)
  • Save record
    BIBTEX Dublin Core MARCXML MARC (non-Unicode/MARC-8) MARC (Unicode/UTF-8) MARC (Unicode/UTF-8, Standard) MODS (XML) RIS
  • More searches
    Search for this title in:
    Other Libraries (WorldCat) Other Databases (Google Scholar) Online Stores (Bookfinder.com) Open Library (openlibrary.org)

Exporting to Dublin Core...

SOUTHVILLE LIBRARY

Southville International School and Colleges Library

1281 Tropical Ave. Cor. Luxembourg St., BF Homes International, Las Pinas City

Tel. No. 8256374 / 252358 Loc. 117/146

Powered by Koha